000 00454nam a2200157Ia 4500
008 231217s9999 xx 000 0 und d
041 _aEnglish
082 _a001.6424C RAO;6
100 _aRao, K V.
245 2 _aA text book of computer concepts and c programming : as per the syllabus prescribed by the VTU
250 _a3rd ed.
260 _c2002
_bSubhas Stores,
_aBangalore
300 _a339
650 _acomputer,c,programming
942 _cAA
999 _c176519
_d176519